| 000 | 00734nam a2200277 a 4500 | ||
|---|---|---|---|
| 003 | AR-BaBNM | ||
| 005 | 20251128203225.0 | ||
| 008 | 082120s2002 ||||||||||||||000 | spa|| | ||
| 040 | _cAR-BaBNM | ||
| 100 | 1 | _aZorrilla de San Martín, Juan | |
| 245 | 0 | 0 | _aTabaré |
| 250 | _a1ª ed. | ||
| 260 |
_aBuenos Aires _bEstrada _c1964 |
||
| 300 | _axxxix, 247 p. | ||
| 490 | 0 |
_aEstrada _vv. 36 |
|
| 500 | _aIndice alfabética de algunas voces indígenas p. 231-246 | ||
| 650 | 4 | _aPOESIA | |
| 650 | 4 | _aROMANTICISMO | |
| 650 | 4 | _aPERIODO COLONIAL | |
| 653 | _aLITERATURA URUGUAYA | ||
| 653 | _aDESCUBRIMIENTO DE AMERICA | ||
| 655 | _aLITERATURA | ||
| 700 | 1 |
_aZum Felde, Alberto _eprologuista |
|
| 942 | _cBK | ||
| 998 | _cCarmen | ||
| 999 |
_c2471 _d2471 |
||